Stranger things characters by emoji part 2 - Statistics

General Stats
  • This quiz has been taken 36 times
  • The average score is 6 of 8
Answer Stats
Hint Answer % Correct
πŸ•°οΈπŸ•·οΈπŸ©ΈπŸ‘Ή Vecna/Henry Creel
89%
πŸ¦πŸ‘©πŸΌβ€πŸ¦°πŸ™„πŸ³οΈβ€πŸŒˆ Robin Buckley
86%
πŸ¦βšΎπŸ‘¨πŸ•ΆοΈ Steve Harrington
86%
πŸ“ΈπŸ“ΌπŸ›‘οΈπŸ–€ Jonathan Byers
82%
πŸ”«πŸ“ΈπŸ•΅οΈβ€β™€οΈπŸ“š Nancy Wheeler
82%
πŸ·πŸ‘©β€πŸ‘¦πŸ’…πŸΌπŸ’„ Karen Wheeler
68%
πŸ‘οΈβ€πŸ—¨οΈπŸ©Έ8οΈβƒ£πŸ¦‹ Kali Prasad
36%
πŸ·πŸ—£οΈπŸ’₯πŸ•΅πŸ»β€β™‚οΈ Murray Bauman
36%
No matching quizzes found
Score Distribution
Percent of People with Each Score
Percentile by Number Answered
Your Score History
You have not taken this quiz